00343nam a2200121Ia 4500008004100000100004400041245004000085260004600125300000900171650001600180942000800196999001700204190216s9999||||xx |||||||||||||| ||und|| aAssociation Of Indian University Author 0aHand Book Of Agricultural Education bAssociation Of Indian Universitiesc1986 a430p aAgriculture cREF c35902d35902